000 00580nam a2200217Ia 4500
005 20250508162038.0
008 008 250505s9999 xx 000 0 eng d
020 _a0 258 96933 4
037 _aTextual
040 _aFEDL
_beng
_cFEDL
041 _aeng
_2eng
084 _a027.8, ALL
_qFEDL
100 _aAllan Margaret
245 0 _aSchool library resource centre
260 _aLondon, UK
_bCrosby Lockwood Staples
_c1974
300 _a165p.
365 _aGBP
_b6
650 _aSchool libraries
942 _cTEXL
_h027.8, ALL
999 _c1374045
_d1374045